Science Quiz

Random Science or Elements Quiz

Hidden Elements: World Cities Quiz Stats

Quiz Updated Mar 10, 2018

Challenge
Share
Tweet
Embed
Score 0/113 Timer 08:00
4 Plays Today
% Correct
Helium (He)
92.2%
Oxygen (O)
90.4%
Oxygen (O)
90.4%
Oxygen (O)
90.4%
Oxygen (O)
90.4%
Oxygen (O)
90.4%
Oxygen (O)
90.4%
Hydrogen (H)
89.4%
Hydrogen (H)
89.4%
Carbon (C)
89%
Carbon (C)
89%
Carbon (C)
89%
Carbon (C)
89%
Carbon (C)
89%
Boron (B)
88.2%
Boron (B)
88.2%
Boron (B)
88.2%
Boron (B)
88.2%
Boron (B)
88.2%
Lithium (Li)
87.8%
Lithium (Li)
87.8%
Nitrogen (N)
87.4%
Nitrogen (N)
87.4%
Nitrogen (N)
87.4%
Nitrogen (N)
87.4%
Nitrogen (N)
87.4%
Nitrogen (N)
87.4%
Potassium (K)
86.4%
Potassium (K)
86.4%
Potassium (K)
86.4%
Calcium (Ca)
83.2%
Calcium (Ca)
83.2%
Beryllium (Be)
83%
Iodine (I)
82.5%
Iodine (I)
82.5%
Iodine (I)
82.5%
Iodine (I)
82.5%
Iodine (I)
82.5%
% Correct
Argon (Ar)
82%
Argon (Ar)
82%
Argon (Ar)
82%
Argon (Ar)
82%
Sulfur (S)
81.5%
Silver (Ag)
81.5%
Sulfur (S)
81.5%
Sulfur (S)
81.5%
Sulfur (S)
81.5%
Sulfur (S)
81.5%
Sulfur (S)
81.5%
Sulfur (S)
81.5%
Sulfur (S)
81.5%
Sulfur (S)
81.5%
Sulfur (S)
81.3%
Aluminium (Al)
79.9%
Aluminium (Al)
79.9%
Aluminium (Al)
79.9%
Silicon (Si)
79%
Silicon (Si)
79%
Uranium (U)
76.9%
Uranium (U)
76.9%
Uranium (U)
76.9%
Uranium (U)
76.9%
Cobalt (Co)
74.2%
Cobalt (Co)
74.2%
Tungsten (W)
73.1%
Tungsten (W)
73.1%
Sodium (Na)
70.3%
Sodium (Na)
70.3%
Radium (Ra)
70.2%
Radium (Ra)
70.2%
Arsenic (As)
68.2%
Arsenic (As)
68.2%
Arsenic (As)
68.2%
Indium (In)
68.1%
Indium (In)
68.1%
Indium (In)
68.1%
% Correct
Phosphorus (P)
67.3%
Phosphorus (P)
67.3%
Phosphorus (P)
67.3%
Yttrium (Y)
64.9%
Yttrium (Y)
64.9%
Osmium (Os)
63.8%
Osmium (Os)
63.8%
Lanthanum (La)
63.3%
Lanthanum (La)
63.3%
Lanthanum (La)
63.3%
Lanthanum (La)
63.3%
Molybdenum (Mo)
61.4%
Molybdenum (Mo)
61.4%
Bromine (Br)
61%
Gallium (Ga)
59.7%
Barium (Ba)
59.4%
Krypton (Kr)
59%
Erbium (Er)
58.4%
Erbium (Er)
58.4%
Scandium (Sc)
57.5%
Polonium (Po)
55.9%
Americium (Am)
49%
Tantalum (Ta)
48.9%
Einsteinium (Es)
46.3%
Actinium (Ac)
44.7%
Thorium (Th)
42.8%
Antimony (Sb)
41.7%
Cerium (Ce)
41.6%
Niobium (Nb)
41.2%
Plutonium (Pu)
40.7%
Rhenium (Re)
40.6%
Seaborgium (Sg)
39.3%
Tellurium (Te)
36.8%
Roentgenium (Rg)
36.2%
Lutetium (Lu)
35%
Samarium (Sm)
34.8%
Tennessine (Ts)
19%

You're not logged in!

Compare scores with friends on all Sporcle quizzes.
Sign Up with Email
OR
Log In

You Might Also Like...

Show Comments

Extras

Top Quizzes Today


Score Distribution

Your Account Isn't Verified!

In order to create a playlist on Sporcle, you need to verify the email address you used during registration. Go to your Sporcle Settings to finish the process.

Report this User

Report this user for behavior that violates our Community Guidelines.

Details: